| 000 | 00507nam a22001817a 4500 | ||
|---|---|---|---|
| 999 |
_c158930 _d158930 |
||
| 003 | dpl | ||
| 005 | 20181120161549.0 | ||
| 008 | 181120b ||||| |||| 00| 0 eng d | ||
| 010 | _aA-239221 | ||
| 020 | _c50.00 | ||
| 035 | _aA-239221 | ||
| 040 | _c0 | ||
| 050 | _a954.09 | ||
| 245 |
_aIndia 1984 _henglish _bA reference annual |
||
| 260 |
_aDelhi _bDirector publications Division Ministry of information and broadcasting _c1985 |
||
| 300 | _a659p. | ||
| 942 |
_2ddc _cEN _h954.09 _mIND |
||